[Event "Werner-Ott-Open Kreuzberger Sommer 2018"]
[Site "Berlin"]
[Date "2018.07.03"]
[Round "4.8"]
[White "Krefenstein, Sergej"]
[Black "Gelman, Josef"]
[Result "1/2-1/2"]
[WhiteElo "2119"]
[BlackElo "1989"]
[Annotator "Lange,A1&BB_R_640941"]
[PlyCount "90"]
[EventDate "2018.06.30"]
[EventType "swiss"]
[EventRounds "9"]
[EventCountry "GER"]
[SourceTitle "WOOKS_2018_R4"]
[Source "Andreas Lange"]
[SourceDate "2018.07.03"]
[SourceVersion "1"]
[SourceVersionDate "2018.07.03"]
[SourceQuality "1"]
[WhiteTeam "TuS Makkabi Berlin"]
[BlackTeam "SC Weisse Dame"]
[WhiteTeamCountry "GER"]
[BlackTeamCountry "GER"]

{A07: Barcza-System (Königsfianchetto mit möglichen Übergängen in andere
Systeme)} 1. Nf3 Nf6 2. g3 g6 3. Bg2 Bg7 4. O-O O-O 5. d3 d5 6. Nbd2 Nc6 7. c3
e5 8. Qc2 Qe7 $146 (8... Re8 9. e4 a5 (9... dxe4 10. dxe4 Be6 (10... Qe7 11. b4
a6 12. Bb2 Rd8 13. Rfe1 Ne8 14. Nb3 Nd6 15. Rad1 Be6 16. a3 b6 17. h3 f6 18.
Bf1 Qf7 19. Nbd2 b5 20. Rb1 Bh6 21. Bc1 f5 22. Bg2 Rf8 23. Nh4 fxe4 24. Nxe4
Bxc1 25. Rbxc1 {Boewer,R (2238)-Zahn,B (1820) Berlin SW Lichtenrade,
Lichtenrader Herbst 2008, 1-0 (48)}) 11. Ng5 Qe7 12. Nxe6 Qxe6 13. Nb3 Rad8 14.
Be3 Qc4 15. Rfd1 Ng4 16. Bg5 f6 17. Bf1 Qf7 18. Bc1 Rxd1 19. Qxd1 f5 20. Bb5
Rf8 21. Qe2 Kh8 22. Nc5 Nd8 23. Bg5 Nf6 24. Rd1 {Kern,J (2275)-Kobs,G,
Oberliga Nord Ost 1994/95, Deutschland 1995 1-0}) 10. Re1 h6 11. a4 (11. Nf1 a4
12. Bd2 d4 13. c4 Bf8 14. a3 Bd7 15. Rab1 b6 16. Nh4 Kh7 17. f4 exf4 18. gxf4
Nxe4 19. Nxg6 fxg6 20. Bxe4 Qf6 21. Ng3 Bc5 22. Qd1 Kg7 23. Qf3 Rad8 24. Qg2
Kh8 25. Rf1 Ne7 {Nuenchert,E (2112)-Marx,I (1755), 2. Bundesliga Nord Frauen
2010/11, Deutschland 2010 1-0 (36)}) 11... Be6 12. exd5 Bxd5 13. Nc4 e4 14.
Nfd2 exd3 15. Rxe8+ Qxe8 16. Qxd3 Rd8 17. Bxd5 Rxd5 18. Qe3 Qd7 19. Qe2 Qh3 20.
Nf1 Rh5 21. Bf4 Ng4 22. f3 Nge5 23. Nxe5 {Thiede,L (2250)-Lagunow,A (2450)
Berlin BEM 1993 Titelturnier 0-1 (73)}) 9. e4 dxe4 10. dxe4 Bd7 11. a4 a5 12.
b3 Rfd8 13. Nc4 Nh5 14. Ne3 Be6 15. Ba3 Qd7 16. Rad1 Qe8 17. Ng5 Rxd1 18. Rxd1
Rd8 19. Nxe6 Rxd1+ 20. Qxd1 fxe6 21. Bh3 Nf6 22. Qd3 Kf7 23. Qc4 Qd7 24. Kf1
Nd8 25. Ke2 Bh6 26. f3 Nc6 27. Qc5 b6 28. Qb5 Bxe3 29. Kxe3 Qd1 30. Bf1 Qe1+
31. Be2 Qxc3+ 32. Qd3 Qa1 33. Qc4 Qxa3 34. Qxc6 Qc5+ 35. Qxc5 bxc5 36. Kd3 Nd7
37. Kc4 c6 38. f4 Kf6 39. Bf1 Ke7 40. fxe5 Kf7 41. Be2 Ke7 42. h3 Kf7 43. h4 h6
44. h5 g5 45. Bd1 Ke7 1/2-1/2

[Event "Werner-Ott-Open Kreuzberger Sommer 2018"]
[Site "Berlin"]
[Date "2018.07.03"]
[Round "4.9"]
[White "Von Herman, Ulf"]
[Black "Matitschka, Heinz"]
[Result "1-0"]
[WhiteElo "2354"]
[BlackElo "1939"]
[Annotator "Lange,A1&BB_R_640941"]
[PlyCount "89"]
[EventDate "2018.06.30"]
[EventType "swiss"]
[EventRounds "9"]
[EventCountry "GER"]
[SourceTitle "WOOKS_2018_R4"]
[Source "Andreas Lange"]
[SourceDate "2018.07.03"]
[SourceVersion "1"]
[SourceVersionDate "2018.07.03"]
[SourceQuality "1"]
[WhiteTeam "SK Koenig Tegel 1949"]
[BlackTeam "TSG Oberschoeneweide"]
[WhiteTeamCountry "GER"]
[BlackTeamCountry "GER"]

{E13: Damenindisch (5.Lg5)} 1. d4 Nf6 2. c4 e6 3. Nf3 b6 4. Nc3 Bb4 5. Bg5 h6
6. Bh4 Bb7 7. e3 g5 8. Bg3 Ne4 9. Qc2 Bxc3+ 10. bxc3 d6 11. Bd3 f5 12. d5 (12.
h4 g4 13. Nd2 Nxd2 14. Kxd2 Bxg2 15. Rhg1 Bf3 16. e4 f4 17. Bxf4 Qxh4 18. Be3
Nd7 19. c5 bxc5 20. Bb5 Rd8 21. dxc5 dxc5 22. Qa4 O-O 23. Qxa7 Qh2 24. Rg3 Nf6+
25. Kc2 Nxe4 26. Qxc7 Nxg3 {Kopylov,M (2440)-Brynell,S (2472), 2. Bundesliga
Nord 2009/10, Berlin 2010 0-1 (33)}) 12... Qe7 $146 (12... Na6 13. Nd4 Nac5 14.
dxe6 O-O 15. f3 Nxd3+ 16. Qxd3 Nc5 17. Qc2 Qf6 18. O-O-O Nxe6 19. h4 g4 20.
fxg4 Be4 21. Qe2 Rae8 22. g5 hxg5 23. hxg5 Qxg5 24. Nxe6 Rxe6 25. Bf4 Qg7 26.
Kb2 Rg6 27. Rdg1 {Schenk,A (2346)-Alekseev,E (2644) Berlin 2006 VI. DBMM
Schach ½-½ (33)}) 13. Bxe4 fxe4 14. Qxe4 exd5 15. Qd4 Rf8 16. cxd5 Nd7 17.
O-O O-O-O 18. e4 Rde8 19. Rfe1 Ne5 20. Bxe5 dxe5 21. Qb4 Qd6 22. Nd2 Rf4 23.
Qxd6 cxd6 24. a4 Ref8 25. f3 Ba6 26. a5 b5 27. Re3 R4f7 28. Nb1 g4 29. Kf2 Re7
30. Na3 Kd7 31. Nc2 gxf3 32. gxf3 Rg8 33. Nb4 Bc8 34. Rg1 Rxg1 35. Kxg1 Ke8 36.
Kf2 Rg7 37. Re1 Rc7 38. Rc1 Bh3 39. Ke3 Rc4 40. a6 Bc8 41. Kd3 Kf7 42. Rg1 Rc7
43. h4 Kf6 44. Rg8 Bd7 45. h5 1-0

[Event "Werner-Ott-Open Kreuzberger Sommer 2018"]
[Site "Berlin"]
[Date "2018.07.03"]
[Round "4.10"]
[White "Dittrich, Tom"]
[Black "Foerster, Jonas"]
[Result "1-0"]
[WhiteElo "1931"]
[BlackElo "2284"]
[Annotator "Lange,A1&BB_R_640941"]
[PlyCount "65"]
[EventDate "2018.06.30"]
[EventType "swiss"]
[EventRounds "9"]
[EventCountry "GER"]
[SourceTitle "WOOKS_2018_R4"]
[Source "Andreas Lange"]
[SourceDate "2018.07.03"]
[SourceVersion "1"]
[SourceVersionDate "2018.07.03"]
[SourceQuality "1"]
[WhiteTeam "SG Stadtilm"]
[BlackTeam "SV Empor Berlin"]
[WhiteTeamCountry "GER"]
[BlackTeamCountry "GER"]

{B08: Pirc-Ufimzew-Verteidigung} 1. e4 g6 2. d4 Bg7 3. Nf3 d6 4. Nc3 Nf6 5. h3
O-O 6. Be3 a6 7. a4 b6 8. Bc4 Nxe4 (8... e6 9. O-O (9. d5 e5 10. g4 Bb7 11. g5
Nh5 12. Qd2 Nd7 13. O-O f5 14. gxf6 Qxf6 15. Ng5 Nf4 16. Bxf4 exf4 17. Nf3 Rae8
18. Kh2 Ne5 19. Qe2 Bc8 20. Rh1 Nxf3+ 21. Qxf3 Re5 22. Kg2 g5 23. Kf1 h5 24.
Qd3 a5 25. Nb5 Re7 26. c3 Qg6 27. f3 g4 28. hxg4 hxg4 29. Re1 Be5 30. Nd4 Rh7
31. Rg1 g3 32. Ne6 Rff7 33. Re2 Rh3 34. Reg2 Qh5 35. Ke1 Rh2 36. Qf1 Rxg2 37.
Qxg2 Rh7 38. Kf1 Bd7 39. Bb5 Bxb5+ 40. axb5 Qe8 41. Qe2 Kh8 42. Ke1 Rh2 43. Rg2
Qh5 44. Qf1 a4 45. Nd4 Bxd4 46. cxd4 Qh3 {0-1 (46) Meier,V (2285)-Polzin,R 
(2415) 2. Bundesliga 1996/97, 1997}) 9... Bb7 10. e5 dxe5 11. Nxe5 Nc6 12. Nxc6
Bxc6 13. Qe2 Qc8 14. Rfd1 Qb7 15. Qf1 Rfd8 16. Rd2 Rd7 17. Rad1 Nd5 18. Nxd5
exd5 19. Bd3 b5 20. axb5 axb5 21. c3 Rdd8 22. Bg5 Re8 23. Re1 b4 24. Rxe8+ Rxe8
25. Re2 Qc8 {½-½ (25) Kraut,R (2470)-Polzin,R (2445), 1. Bundesliga 1997/98,
Porz 1997}) 9. Nxe4 d5 10. Bd3 dxe4 11. Bxe4 c6 12. Ne5 Bb7 13. h4 Ra7 14. h5
c5 15. Bxb7 Rxb7 16. hxg6 fxg6 17. Qg4 Bxe5 18. dxe5 Rf5 19. Qc4+ Kg7 20. g4
Rxe5 21. Qf4 Qd5 22. Qh6+ Kf6 23. Qf8+ Qf7 24. g5+ Ke6 25. Qc8+ Rd7 26. Qxb8
Qf3 27. Qg8+ Kd6 28. Rd1+ Kc7 29. Rxd7+ Kxd7 30. Qxh7 Qe4 31. Qh3+ e6 32. Qh8
Qb4+ 33. c3 1-0

[Event "Werner-Ott-Open Kreuzberger Sommer 2018"]
[Site "Berlin"]
[Date "2018.07.03"]
[Round "4.11"]
[White "Jeremic, Dusan"]
[Black "Jaeger, Andre"]
[Result "0-1"]
[WhiteElo "2179"]
[BlackElo "1922"]
[Annotator "Lange,A1&BB_R_640941"]
[PlyCount "73"]
[EventDate "2018.06.30"]
[EventType "swiss"]
[EventRounds "9"]
[EventCountry "GER"]
[SourceTitle "WOOKS_2018_R4"]
[Source "Andreas Lange"]
[SourceDate "2018.07.03"]
[SourceVersion "1"]
[SourceVersionDate "2018.07.03"]
[SourceQuality "1"]
[WhiteTeam "SF Berlin 1903"]
[BlackTeam "SC Rochade"]
[WhiteTeamCountry "GER"]
[BlackTeamCountry "GER"]

{B30: Sizilianisch (Rossolimo-Variante)} 1. e4 c5 2. Nf3 Nc6 3. Bc4 e6 4. Qe2 (
4. a3 a6 5. O-O b5 6. Ba2 Be7 7. Nc3 Bf6 8. Re1 Qc7 9. Ne2 Bb7 10. c3 Ne5 11.
Nxe5 Bxe5 12. Ng3 c4 13. d4 cxd3 14. Qxd3 Nf6 15. Qf3 Bxg3 {½-½ (15)
Hartmann,J-Frahm,W (1570) Muenchen 2015, DBMM 2015}) 4... Nge7 $146 (4... Be7
5. c3 d5 6. Bb5 Bd7 7. d3 Nf6 8. Ba4 Qc7 9. Bg5 d4 10. Bb3 a5 11. a4 O-O 12.
Na3 Ne5 13. Nxe5 Qxe5 14. f4 Qc7 15. O-O Bc6 16. f5 exf5 17. Rxf5 Bd7 18. Nb5
Qb6 19. Rf3 {Jeremic,D (2070)-Hampel,A (1533) Berlin SC Kreuzberg WOOKS 2012
0-1}) (4... a6 5. c3 b5 6. Bb3 c4 7. Bc2 Bb7 8. b3 cxb3 9. axb3 d5 10. d4 dxe4
11. Bxe4 Be7 12. Ne5 Qc8 13. O-O Nxe5 14. dxe5 Bxe4 15. Qxe4 Bc5 16. Qg4 g6 17.
Nd2 f5 18. exf6 Nxf6 19. Qh4 {Haemmerlein,T (2179)-Bachran,B (1960) Berlin SW
Lichtenrade, Lichtenrader Herbst 2008, 1-0 (46)}) (4... g6 5. c3 Bg7 6. Bb3
Nge7 7. O-O O-O 8. d3 d5 9. Bf4 d4 10. Rd1 Kh8 11. Qd2 a6 12. Bh6 Qd6 13. Bxg7+
Kxg7 14. Qe2 e5 15. Nbd2 b5 16. h3 Bd7 17. Nh2 f6 18. Qf3 g5 19. Nhf1 {Hein,B 
(1921)-Block,M (1512) Berlin BSG 1827 Eckbauer, 5. Eckbauer Open 2002, 0-1 (41)
}) 5. c3 d5 6. Bb3 dxe4 7. Qxe4 g6 8. d3 Bg7 9. Bf4 O-O 10. Nbd2 b5 11. O-O Bb7
12. Qe3 Rc8 13. Ne4 Nf5 14. Qe2 Na5 15. Bc2 h5 16. h3 Qd5 17. Rad1 e5 18. Bg5
f6 19. Bd2 Qc6 20. c4 b4 21. a3 b3 22. Bxa5 bxc2 23. Qxc2 Nd4 24. Nxd4 exd4 25.
f3 f5 26. Ng5 Rfe8 27. Rde1 Bh6 28. Bd2 Qd6 29. Qa4 Rxe1 30. Rxe1 Bxg5 31. Bxg5
Qg3 32. Re7 Bxf3 33. Qc2 Qxg5 34. Re6 Kf7 35. Re5 Qg3 36. Qf2 Qxe5 37. Qxf3 0-1

[Event "Werner-Ott-Open Kreuzberger Sommer 2018"]
[Site "Berlin"]
[Date "2018.07.03"]
[Round "4.12"]
[White "Namestnikov, Boris"]
[Black "Klatt, Jan"]
[Result "1-0"]
[WhiteElo "1890"]
[BlackElo "2177"]
[Annotator "Lange,A1&BB_R_640941"]
[PlyCount "58"]
[EventDate "2018.06.30"]
[EventType "swiss"]
[EventRounds "9"]
[EventCountry "GER"]
[SourceTitle "WOOKS_2018_R4"]
[Source "Andreas Lange"]
[SourceDate "2018.07.03"]
[SourceVersion "1"]
[SourceVersionDate "2018.07.03"]
[SourceQuality "1"]
[WhiteTeam "SK Zehlendorf"]
[BlackTeam "SG Guestrow"]
[WhiteTeamCountry "GER"]
[BlackTeamCountry "GER"]

{A42: Moderne Verteidigung (mit c2-c4/ohne Sf6)} 1. d4 g6 2. c4 Bg7 3. e4 d6 4.
Nc3 e5 5. dxe5 dxe5 6. Qxd8+ Kxd8 7. f4 Nc6 8. Nf3 Nd4 9. Bd3 Nxf3+ 10. gxf3
Ne7 11. fxe5 Bxe5 12. Be3 Bxc3+ $146 (12... c6 13. O-O-O b6 14. c5 Kc7 15. f4
Bxc3 16. bxc3 Be6 17. Bd4 Rhe8 18. Ba6 bxc5 19. Bxc5 f5 20. Rhe1 fxe4 21. Rxe4
Nd5 22. Rde1 Kd7 23. Rd4 Kc7 24. c4 Nc3 25. Re3 Na4 26. Bd6+ Kb6 27. c5+ {
Schacht,H (2280)-Serrer,C, 1. Bundesliga 1985/86, Deutschland 1986 ½-½ (31)})
13. bxc3 Nc6 14. O-O-O Bd7 15. Rd2 Kc8 16. Rhd1 Re8 17. Bf1 Be6 18. Bg5 b6 19.
c5 Kb7 20. Bf6 Rac8 21. Rb2 Na5 22. Rd4 Nc6 23. Ra4 Nb8 24. c6+ Ka8 25. Bb5 Bh3
26. Rb3 a5 27. Rba3 Re6 28. Rxa5+ bxa5 29. Rxa5+ Na6 1-0

[Event "Werner-Ott-Open Kreuzberger Sommer 2018"]
[Site "Berlin"]
[Date "2018.07.03"]
[Round "4.13"]
[White "Kauschmann, Herbert"]
[Black "Dathe, Frederick"]
[Result "1/2-1/2"]
[WhiteElo "2162"]
[BlackElo "1895"]
[Annotator "Lange,A1&BB_R_640941"]
[PlyCount "72"]
[EventDate "2018.06.30"]
[EventType "swiss"]
[EventRounds "9"]
[EventCountry "GER"]
[SourceTitle "WOOKS_2018_R4"]
[Source "Andreas Lange"]
[SourceDate "2018.07.03"]
[SourceVersion "1"]
[SourceVersionDate "2018.07.03"]
[SourceQuality "1"]
[WhiteTeam "BSC Rehberge 1945"]
[BlackTeam "SC Kreuzberg"]
[WhiteTeamCountry "GER"]
[BlackTeamCountry "GER"]

{B01: Skandinavische Verteidigung} 1. e4 d5 2. e5 Bf5 3. d4 e6 4. Be3 $146 (4.
Bd3 Bxd3 5. Qxd3 c5 (5... Nd7 6. Ne2 c5 7. c3 cxd4 8. cxd4 Bb4+ 9. Nbc3 Ne7 10.
a3 Bxc3+ 11. Nxc3 a6 12. O-O Nf5 13. g4 Nh4 14. f4 Ng6 15. Bd2 Ne7 16. f5 Nc6
17. fxe6 fxe6 18. Rae1 Qh4 19. h3 O-O-O 20. Rc1 {Just,D (1783)-Lohse,S (1720),
Berlin, Alle-18-Open 1998, ½-½ (69)}) 6. dxc5 Nd7 7. Nf3 Nxc5 8. Qe2 Ne7 9.
O-O Nc6 10. Bf4 Be7 11. Nbd2 g5 12. Bg3 h5 13. h3 Qb6 14. Rfb1 g4 15. hxg4 hxg4
16. Ne1 Bg5 17. Nf1 O-O-O 18. c3 Rh5 {Welz,P (2200)-Waldmann,H (2360),
Oberliga Nord Ost 1997/98, Deutschland 1997 0-1 (36)}) (4. h4 h6 5. g4 Be4 6.
f3 Bh7 7. Bd3 Bxd3 8. Qxd3 Qd7 9. c3 Nc6 10. Be3 O-O-O 11. Nd2 f5 12. gxf5 exf5
13. Nh3 Nge7 14. Nf4 Re8 15. O-O-O Nd8 16. Rdg1 Ne6 17. Nb3 Nxf4 18. Bxf4 Qa4 {
Mueller,J (1814)-Hiller,B (1903), Berlin, Offene BSenEM 2017, 0-1 (39)}) (4. h3
Nc6 5. Nf3 Nb4 6. c3 Nc2+ 7. Ke2 Nxa1 8. g4 Bxb1 9. Bf4 Bxa2 10. Qxa1 Bc4+ 11.
Ke1 Bxf1 12. Rxf1 Ne7 13. Bg5 Qd7 14. h4 Nc8 15. Be3 Nb6 16. b3 Qb5 17. Nd2 Be7
18. h5 h6 {Schiebler,M-Kopischke,M (1542), Berlin, Unicorn Open 2003, 0-1 (55)}
) 4... Ne7 5. Nd2 Nd7 6. Ngf3 a6 7. c3 c5 8. Be2 Nc6 9. a3 Be7 10. O-O O-O 11.
b4 cxd4 12. cxd4 f6 13. exf6 Bxf6 14. Nb3 Re8 15. Rc1 Rc8 16. Qd2 Be7 17. Bf4
Nf6 18. Ne5 Nxe5 19. dxe5 Ne4 20. Qd4 Qd7 21. f3 Ng5 22. h4 Nf7 23. h5 Bc2 24.
Nc5 Bxc5 25. bxc5 Ba4 26. Bd3 Bb5 27. Bxb5 Qxb5 28. Be3 Nd8 29. Rb1 Qa5 30. a4
Qc7 31. f4 Rf8 32. Rb6 Nc6 33. Qb2 Rb8 34. Rb1 Rf7 35. g3 Qd7 36. Bd4 Kf8
1/2-1/2

[Event "Werner-Ott-Open Kreuzberger Sommer 2018"]
[Site "Berlin"]
[Date "2018.07.03"]
[Round "4.14"]
[White "Bruening, Wolfgang"]
[Black "Schulz, Hartmut"]
[Result "0-1"]
[WhiteElo "1850"]
[BlackElo "2080"]
[Annotator "Lange,A1&BB_R_640941"]
[PlyCount "94"]
[EventDate "2018.06.30"]
[EventType "swiss"]
[EventRounds "9"]
[EventCountry "GER"]
[SourceTitle "WOOKS_2018_R4"]
[Source "Andreas Lange"]
[SourceDate "2018.07.03"]
[SourceVersion "1"]
[SourceVersionDate "2018.07.03"]
[SourceQuality "1"]
[WhiteTeam "vereinslos"]
[BlackTeam "SC Rochade"]
[BlackTeamCountry "GER"]

{D04: Damenbauernspiele} 1. Nf3 d5 2. d4 Nf6 3. e3 Bf5 4. Bd3 Bxd3 5. cxd3 c6
$146 (5... e6 6. O-O (6. Qb3 b6 7. Ne5 Bd6 8. Nc3 O-O 9. Nf3 Be7 10. O-O c5 11.
Ne2 Nbd7 12. Qd1 Rc8 13. Bd2 Rc7 14. Rc1 Qb8 15. Ng3 Qb7 16. Bc3 Rfc8 17. Qd2
Qa6 18. dxc5 Nxc5 19. Be5 Rc6 20. Nd4 Nxd3 {Arnold,L (1552)-Caliebe,N (1469),
Willingen, Offene DEM 2016 Jugend B, 1-0}) 6... Be7 7. Nbd2 Nc6 8. b3 O-O 9.
Bb2 Nb4 10. Qe2 c5 11. Ne5 cxd4 12. e4 Bc5 13. a3 Nc6 14. Nxc6 bxc6 15. e5 Nd7
16. f4 Bb6 17. b4 a5 18. Rac1 axb4 19. axb4 Qe7 20. Rxc6 {Wuesthoff,R (1578)
-Boelter,H (1678), Berlin, Deutsche Polizei-Schachmeisterschaft 2004 0-1 (53)})
(5... Nbd7 6. Nc3 e6 7. O-O c5 8. e4 cxd4 9. Nxd4 Bc5 10. Nf3 dxe4 11. dxe4 Nb6
12. Qe2 O-O 13. Bg5 Be7 14. Rfd1 Nfd7 15. Be3 Qb8 16. Rac1 a6 17. Na4 Bd8 18.
Nxb6 Nxb6 19. Bc5 Re8 20. Bd6 {Brandt,F (1911)-Koenig,M (2093), Potsdamer
Weihnachtsturnier 2010, ½-½}) 6. Nc3 e6 7. a3 Be7 8. O-O O-O 9. Bd2 Nbd7 10.
b4 Bd6 11. Qe2 Re8 12. Rfb1 Qe7 13. h3 Rac8 14. Rb3 e5 15. dxe5 Nxe5 16. Nd4 g6
17. f4 Ned7 18. Qf3 Bb8 19. g4 c5 20. Nde2 c4 21. dxc4 dxc4 22. Rbb1 Ne4 23.
Nxe4 Qxe4 24. Kf2 Nf6 25. Nc3 Qd3 26. Rd1 Rc6 27. Be1 Qc2+ 28. Kg1 Rce6 29. Ra2
Qb3 30. Bd2 Ne4 31. Nxe4 Rxe4 32. Raa1 Bxf4 33. Rab1 Bxe3+ 34. Kg2 Qa2 35. Ra1
Qc2 36. Rac1 Qb2 37. Rb1 Qe5 38. Rf1 Re7 39. Be1 Bd4 40. Bg3 Re2+ 41. Kh1 Qe4
42. Rbc1 c3 43. Bh4 Re6 44. Qxe4 R6xe4 45. Bg5 c2 46. Rf4 Rxf4 47. Bxf4 Bb2 0-1

[Event "Werner-Ott-Open Kreuzberger Sommer 2018"]
[Site "Berlin"]
[Date "2018.07.03"]
[Round "4.15"]
[White "Bergmann, Jens"]
[Black "Gebigke, Martin"]
[Result "0-1"]
[WhiteElo "1846"]
[BlackElo "2050"]
[Annotator "Lange,A1&BB_R_640941"]
[PlyCount "58"]
[EventDate "2018.06.30"]
[EventType "swiss"]
[EventRounds "9"]
[EventCountry "GER"]
[SourceTitle "WOOKS_2018_R4"]
[Source "Andreas Lange"]
[SourceDate "2018.07.03"]
[SourceVersion "1"]
[SourceVersionDate "2018.07.03"]
[SourceQuality "1"]
[WhiteTeam "SK Tempelhof 1931"]
[BlackTeam "SC Kreuzberg"]
[WhiteTeamCountry "GER"]
[BlackTeamCountry "GER"]

{B23: Sizilianisch (Geschlossenes System)} 1. e4 c5 2. f4 Nf6 3. Nc3 d6 4. Bb5+
$146 (4. Nf3 a6 5. g3 Bg4 (5... Nc6 6. Bg2 g6 7. O-O Bg7 8. d3 Rb8 9. h3 e6 10.
Be3 O-O 11. g4 b5 12. Qe1 Nd7 13. f5 Nd4 14. Qf2 Nxf3+ 15. Qxf3 b4 16. Nd1 exf5
17. gxf5 Ne5 18. Qg3 gxf5 19. Bg5 f6 20. Bh6 {Eismont,O (2455)-Dvoirys,S (2615)
, Berliner Sommer 1997, ½-½ (51)}) 6. Bg2 Nc6 (6... e6 7. O-O h5 8. h3 Bxf3
9. Qxf3 Nc6 10. Ne2 Qb6 11. c4 e5 12. b3 Be7 13. Bb2 Nd4 14. Nxd4 cxd4 15. d3
a5 16. Ba3 Nd7 17. Rab1 Bf6 18. h4 Qc6 19. Bh3 Rh6 20. Bxd7+ Qxd7 21. f5 {
Genot,F (1822)-Nam,S (1608), Berlin, Lichtenberger Sommer 2015, ½-½ (41)}) 7.
h3 Bxf3 8. Qxf3 e6 9. d3 Be7 10. O-O Rc8 11. Qf2 Nd7 12. Nd1 O-O 13. Ne3 Bf6
14. c3 b5 15. Ng4 Be7 16. Be3 f5 17. Nh2 b4 18. Qc2 Bf6 {Meister,J (2513)
-Hildebrand,G (2259), Berlin, BEM 2003 Klasse M, 1-0 (43)}) (4. h3 e6 5. Bb5+
Bd7 6. Bxd7+ Nbxd7 7. Nf3 Be7 8. O-O a6 9. d3 Nb6 10. e5 Nfd5 11. Ne4 Qd7 12.
c4 Nb4 13. a3 Nc6 14. Be3 O-O-O 15. exd6 Bxd6 16. Nxc5 Bxc5 17. Bxc5 Qc7 18. b3
Nd7 {Krusemark,G (1795)-Poeltelt,H (1749), Berlin, Lichtenberger Sommer 2016,
1-0 (56)}) 4... Nc6 5. d4 cxd4 6. Qxd4 Bd7 7. Bxc6 Bxc6 8. Nf3 e6 9. Be3 Be7
10. O-O-O O-O 11. e5 dxe5 12. fxe5 Nd5 13. Nxd5 Bxd5 14. Qg4 Kh8 15. Kb1 b5 16.
Rhf1 Qa5 17. b3 Rac8 18. Rf2 Rc6 19. Bd4 Ra6 20. Ng5 Qxa2+ 21. Kc1 Bxb3 22. Bb2
Rc6 23. Rd7 Bxc2 24. Rxc2 Rxc2+ 25. Kxc2 Rc8+ 26. Kd3 Qb3+ 27. Ke4 Qc2+ 28. Rd3
Rc4+ 29. Bd4 Rxd4+ 0-1

[Event "Werner-Ott-Open Kreuzberger Sommer 2018"]
[Site "Berlin"]
[Date "2018.07.03"]
[Round "4.16"]
[White "Kirchhof, Arno"]
[Black "Grassi, Fabrizio"]
[Result "1-0"]
[WhiteElo "2041"]
[BlackElo "1872"]
[Annotator "Lange,A1&BB_R_640941"]
[PlyCount "82"]
[EventDate "2018.06.30"]
[EventType "swiss"]
[EventRounds "9"]
[EventCountry "GER"]
[SourceTitle "WOOKS_2018_R4"]
[Source "Andreas Lange"]
[SourceDate "2018.07.03"]
[SourceVersion "1"]
[SourceVersionDate "2018.07.03"]
[SourceQuality "1"]
[WhiteTeam "SC Zugzwang 95"]
[BlackTeam "SV Berlin-Friedrichstadt"]
[WhiteTeamCountry "GER"]
[BlackTeamCountry "GER"]

{D35: Damengambit (Abtauschvariante)} 1. d4 d5 2. c4 e6 3. Nf3 Nf6 4. Nc3 Nbd7
5. cxd5 exd5 6. Bf4 c6 7. e3 Be7 8. h3 Nf8 9. Bd3 Ng6 10. Bh2 Bd6 11. Bxd6 Qxd6
12. Qc2 Ne7 $146 (12... O-O 13. O-O-O Be6 14. Kb1 Rfc8 15. g4 c5 16. Bf5 Bxf5
17. Qxf5 Qe6 18. dxc5 Qxf5+ 19. gxf5 Ne7 20. Nd4 Rxc5 21. f3 Rd8 22. Rd2 {
½-½ (22) Muse,M (2510)-Doettling,F (2473), 1. Bundesliga 2000/01, Mainz 2001}
) 13. O-O g6 14. Rab1 Bf5 15. b4 Bxd3 16. Qxd3 a6 17. a4 O-O 18. b5 axb5 19.
axb5 Ra3 20. Qd2 Rfa8 21. bxc6 Qxc6 22. Rfc1 Qa6 23. Ne5 Kg7 24. Qb2 Qa5 25.
Qxb7 Ra7 26. Qb6 Qxb6 27. Rxb6 Rc7 28. Rxf6 Kxf6 29. Ne4+ dxe4 30. Rxc7 Ra1+
31. Kh2 Ra2 32. f3 exf3 33. Nxf3 Nd5 34. Rc6+ Ke7 35. Rc5 Kd6 36. e4 Ne3 37.
Kg3 Nxg2 38. Ng5 f6 39. Nxh7 Ke7 40. Rc6 g5 41. Nxg5 fxg5 1-0

[Event "Werner-Ott-Open Kreuzberger Sommer 2018"]
[Site "Berlin"]
[Date "2018.07.03"]
[Round "4.17"]
[White "Stein, Siegfried"]
[Black "Schulz, Olaf"]
[Result "0-1"]
[WhiteElo "1817"]
[BlackElo "2019"]
[Annotator "Lange,A1&BB_R_640941"]
[PlyCount "58"]
[EventDate "2018.06.30"]
[EventType "swiss"]
[EventRounds "9"]
[EventCountry "GER"]
[SourceTitle "WOOKS_2018_R4"]
[Source "Andreas Lange"]
[SourceDate "2018.07.03"]
[SourceVersion "1"]
[SourceVersionDate "2018.07.03"]
[SourceQuality "1"]
[WhiteTeam "SV Berolina Mitte"]
[BlackTeam "vereinslos"]
[WhiteTeamCountry "GER"]

{B12: Caro-Kann (Vorstoß-Variante)} 1. e4 c6 2. d4 d5 3. e5 c5 4. dxc5 e6 5.
Qg4 $146 (5. Be3 Nd7 (5... Nh6 6. Nf3 (6. f4 Nf5 7. Bf2 h5 8. Nf3 Qc7 9. Bd3
Bxc5 10. Bxf5 Bxf2+ 11. Kxf2 exf5 12. Nc3 Be6 13. Nxd5 Bxd5 14. Qxd5 Qxc2+ 15.
Qd2 Qc5+ 16. Qd4 Qe7 17. Rhd1 Nc6 18. Qd6 Rd8 19. Qxe7+ Kxe7 20. Ke2 Nb4 {
Huels,M (2087)-Moeller,H (2252), Berlin, BEM 2011 Klasse M, ½-½ (35)}) 6...
Nf5 (6... Nd7 7. Bxh6 gxh6 8. c4 dxc4 9. Bxc4 Bg7 10. Qe2 Qc7 11. Bb5 O-O 12.
Bxd7 Bxd7 13. O-O Qxc5 14. Nc3 Bc6 15. Ne4 Qb4 16. Rfe1 Bxe4 {½-½ (16)
Rabiega,R (2487)-Khenkin,I (2633), 1. Bundesliga 2000/01, Berlin-Tegel 2001})
7. Bd4 Bd7 8. c3 Nc6 9. Bd3 Nfxd4 10. cxd4 b6 11. O-O bxc5 12. dxc5 Bxc5 13.
Nc3 Be7 14. a3 a5 15. Rc1 O-O 16. Bb1 Qb8 17. Qd3 g6 18. Qe2 Rd8 19. Bd3 Bf8
20. h4 {Polzin,R (2494)-Vallejo Pons,F (2697), 1. Bundesliga 2010/11, Hamburg
2010, ½-½ (59)}) 6. Nf3 Bxc5 7. Bxc5 Nxc5 8. Qd4 Qb6 9. Nc3 Ne7 10. b4 Nd7
11. Qxb6 Nxb6 12. a4 O-O 13. a5 Nd7 14. Bb5 a6 15. Bxd7 Bxd7 16. Ne2 Rfc8 17.
Kd2 Rc4 18. c3 f6 19. Ned4 Nc6 {Poppner,D (2009)-Hildebrand,G (2068), Berlin,
ELO-Turnier SC Kreuzberg 2000, 0-1 (74)}) (5. Nf3 Bxc5 6. Bd3 Nc6 7. O-O f6 8.
Qe2 fxe5 9. Nxe5 Nf6 10. Bb5 O-O 11. Bxc6 bxc6 12. Nd2 Qb6 13. Ndf3 Ba6 14. c4
Rae8 15. b3 Bd6 16. Qc2 c5 17. Bf4 Qc7 18. Bg3 Ne4 19. Rfe1 Rf5 {Polzin,R 
(2465)-Seger,R (2399), 1. Bundesliga 2000/01, Bonn-Godesberg 2001, 1-0 (51)})
5... Qc7 6. Nf3 Bd7 7. Nc3 Ne7 8. Bf4 Ng6 9. Bg3 h5 10. Qg5 Be7 11. Qd2 h4 12.
Bf4 Bxc5 13. Bd3 f5 14. a3 Qb6 15. Bg5 Bxf2+ 16. Ke2 Bd4 17. Bxf5 exf5 18. Nxd4
O-O 19. Rhe1 Nc6 20. Be3 f4 21. Bf2 Qc7 22. Kf1 Ncxe5 23. Nxd5 Qc4+ 24. Ne2 f3
25. Kg1 fxe2 26. Rxe2 Bc6 27. Nb4 Bxg2 28. Kxg2 Qg4+ 29. Kf1 Qh3+ 0-1